Agribusiness supply chain management

Saved in:
Bibliographic Details
Main Author: CHANDRASEKARAN, Nagarajan. Raghuram, G.
Format: Book
Language:English
Published: CRC Press 2014
Tags: Add Tag
No Tags, Be the first to tag this record!

MARC

LEADER 00000nam a22000007a 4500
008 201221b ||||| |||| 00| 0 eng d
020 |a 978-1-4665-1674-8 
100 |a CHANDRASEKARAN, Nagarajan.  |a Raghuram, G.  
245 |a Agribusiness supply chain management  |c N. Chandrasekaran and G. Raghuram.  |g xxx, 670p. ; ill. 
260 |b CRC Press  |c 2014  |h Boca Raton, FL  |i 689888  |l HD9016 .I42C36  |m Agricultural industries – India – Management  |m Business logistics – India. 
942 |a lcc  |c BK  |e Kuteyi, M. A.  |f 21/12/2020 
952 |0 0  |1 0  |2 lcc  |4 0  |6 HD9016 I42 C36  |7 0  |9 1082  |a HOL  |b HOL  |c GJ  |d 2020-12-21  |l 0  |o HD9016 .I42C36  |p 2020-230297  |r 2020-12-21 00:00:00  |w 2020-12-21  |y BK 
999 |c 558  |d 558